Experiencias de trabajo con jóvenes en situación de vulnerabilidad social /

El Programa Incluir de la Dirección Nacional de Juventud de Argentina, fue la iniciativa pública más importante destinada a jóvenes en situación de vulnerabilidad social, desde la implementación del Proyecto Joven en los Noventas. El artículo tiene como objetivo principal resaltar luces y sombras de...

पूर्ण विवरण

में बचाया:
ग्रंथसूची विवरण
मुख्य लेखक: Ludueña, Federico
स्वरूप: मूलपाठ
विषय:
टैग: टैग जोड़ें
कोई टैग नहीं, इस रिकॉर्ड को टैग करने वाले पहले व्यक्ति बनें!

MARC

LEADER 00000 a a2200000 04500
001 40939
003
040
100 |a Ludueña, Federico  
245 |a Experiencias de trabajo con jóvenes en situación de vulnerabilidad social /  |c Federico Ludueña  
520 |a El Programa Incluir de la Dirección Nacional de Juventud de Argentina, fue la iniciativa pública más importante destinada a jóvenes en situación de vulnerabilidad social, desde la implementación del Proyecto Joven en los Noventas. El artículo tiene como objetivo principal resaltar luces y sombras de esta experiencia única en políticas para y desde los jóvenes.  
590 |a RRA/JULIO2011  
650 |a 1.JUVENTUD  
650 |a 2.PROGRAMAS GUBERNAMENTALES  
650 |a 3.EVALUACION DE PROGRAMAS  
650 |a 4.GRUPOS VULNERABLES  
650 |a 5.ARGENTINA  
773 |g páginas 447-461  
999 |c 26111  |d 26111